000 00519nam a2200193 i 4500
001 98367
003 ES-MaACL
005 20251116063058.0
007 t|
008 050728s1973 sp ||||1| spa d
100 1 _aMartín, Carlos,
_d1914-
_9162759
245 1 0 _aEs la hora /
_cCarlos Martín.
260 _aMadrid :
_bAlfaguara,
_c1973.
300 _a79 p., 3 h. ;
_c22 cm.
490 1 _aAgora
830 0 _aColección Ágora
_9180771
852 _aES-MaACL
_jC-52468
_bR.85736
999 _c98367
_d98367